00378nam a2200145Ia 4500003000400000005001700004008004100021040001800062041000800080100004700088110002000135245002400155260002000179710003300199OSt20260306155317.0211028s2009 xx 000 0 und d cAIMIT LIBRARY aeng aD'Souza, Zeeta; Prabhu, Aravind.g60471470 aAravind Prabhu. aWin/loss Analysis / aBangalorec2009 aDucont India Private Limited